Nomination of Steven C. Preston : hearing before the Committee on Banking, Housing, and Urban Affairs, United States Senate, One Hundred Tenth Congress, second session, on nomination of Steven C. Preston, of Illinois, to be Secretary of the Department of Housing and Urban Development, Thursday, May 22, 2008.

Bibliographic Details
Corporate Author: United States. Congress. Senate. Committee on Banking, Housing, and Urban Affairs
Format: Government Document eBook
Language:English
Published: Washington : U.S. G.P.O., 2010.
Series:S. hrg. ; 110-1002
Subjects:
Online Access:Electronic resource (PDF)

MARC

Tag First Indicator Second Indicator Subfields
LEADER 00000cam a22000001a 4500
001 in00004100752
005 20200117091231.0
006 m d f
007 cr bn mmmapmmp
008 100719s2010 dcu o f000 0 eng d
019 |a 642081038 
035 |a chdc201001108 
040 |a UMI  |c UMI  |d UtOrBLW 
042 |a pcc 
043 |a n-us--- 
074 |a 1035-C 
086 0 |a Y 4.B 22/3:S.HRG.110-1002 
110 1 |a United States.  |b Congress.  |b Senate.  |b Committee on Banking, Housing, and Urban Affairs.  |0 http://id.loc.gov/authorities/names/n81033403 
245 1 0 |a Nomination of Steven C. Preston :  |b hearing before the Committee on Banking, Housing, and Urban Affairs, United States Senate, One Hundred Tenth Congress, second session, on nomination of Steven C. Preston, of Illinois, to be Secretary of the Department of Housing and Urban Development, Thursday, May 22, 2008. 
264 1 |a Washington :  |b U.S. G.P.O.,  |c 2010. 
264 2 |a Washington :  |b For sale by the Supt. of Docs., U.S. G.P.O. 
300 |a iii, 39 pages, digital, PDF file. 
336 |a text  |b txt  |2 rdacontent 
337 |a computer  |b c  |2 rdamedia 
338 |a online resource  |b cr  |2 rdacarrier 
490 1 |a S. hrg. ;  |v 110-1002 
500 |a Shipping list number: 2010-0196-P. 
500 |a Record is based on bibliographic data in ProQuest Congressional Hearings Digital Collection. Reuse except for individual research requires license from ProQuest, LLC. 
533 |a Electronic reproduction.  |b [Bethesda, Md.] :  |c ProQuest,  |d 2010.  |e digital, PDF file.  |n ProQuest U.S. Congressional Hearings Digital Collection.  |n Mode of access: World Wide Web via ProQuest website. 
538 |a System requirements: PDF reader software. 
500 |a Electronic resource. 
600 1 0 |a Preston, Steven C.  |0 http://id.loc.gov/authorities/names/no2006119505 
610 1 0 |a United States.  |b Department of Housing and Urban Development.  |b Office of the Secretary  |x Officials and employees  |x Selection and appointment. 
776 0 8 |i Print version:   |a United States. Congress. Senate. Committee on Banking, Housing, and Urban Affairs.  |t Nomination of Steven C. Preston  |w 9780160855504  |w 0160855500  |w (OCoLC)601988990  |z 2010443061 
776 0 8 |i Microfiche version:   |a United States. Congress. Senate. Committee on Banking, Housing, and Urban Affairs.  |t Nomination of Steven C. Preston  |d [Bethesda, Md.] : ProQuest,[2010]  |o CIS 2010 S241-94  |w (ProQuest)cis01002804  
810 1 |a United States.  |b Congress.  |b Senate.  |t S. hrg. ;  |v 110-1002.  |0 http://id.loc.gov/authorities/names/n83707917 
856 4 0 |u http://proxy.library.tamu.edu/login?url=http://search.proquest.com/congcomp/getdoc?HEARING-ID=HRG-2008-BHU-0006  |y Electronic resource (PDF)  |t 0 
998 |a cis01002804  
999 f f |s 15a7e1f3-0f2a-3f4d-b4a8-124581d88eef  |i 587eb7c8-c28b-3927-99d8-1c6730350f3f  |t 0 
952 f f |a Texas A&M University  |b College Station  |c Electronic Resources  |d Available Online  |t 0  |e Y 4.B 22/3:S.HRG.110-1002  |h Superintendent of Documents classification 
998 f f |a Y 4.B 22/3:S.HRG.110-1002  |t 0  |l Available Online